A magyar ipar a világháborúban

Gespeichert in:
Bibliographische Detailangaben
Format: Buch
Sprache:Ungarisch
Veröffentlicht: Budapest Franklin 1933
Tags: Tag hinzufügen
Keine Tags, Fügen Sie das erste Tag hinzu!

MARC

LEADER 00000nam a2200000 4500
001 0307506
005 20250306130332.2
041 0 |a hun 
044 |a HU 
245 1 0 |a A magyar ipar a világháborúban  |c József Szterényi 
264 1 |a Budapest  |b Franklin  |c 1933